000
00343nam a2200157Ia 4500
100
_a
Albin/Stephen
650
_a
Software architecture
942
_c
BK
366
_f
25
245
_a
Art of Software Architecture
260
_b
Wiley India
_c
2003
082
_a
005/12
_b
ALB
300
_a
312
546
_a
ENGLISH
_c
PAMPHALETS
999
_c
25602
_d
25602